000
00416nam a2200133Ia 4500
008
151001s9999||||xx |||||||||||||| ||und||
100
_a
लक्ष्मी नारायण त्रिपाठी
245
_a
मी हिजडा मी लक्ष्मी
250
_a
1
260
_b
मनोविकास प्रकाशन पुणे
260
_c
2013
300
_a
202
365
_b
21
999
_c
999329
_d
999326